| 000 | 00495nam a2200205Ia 4500 | ||
|---|---|---|---|
| 005 | 20190907124741.0 | ||
| 008 | 131103s9999 xx 000 0 und d | ||
| 020 | _a81-7119-114-2 | ||
| 040 | _aLoreto College | ||
| 041 | _aEnglish | ||
| 082 |
_a491.43 _bRAM |
||
| 100 | _aRamprakash | ||
| 245 |
_aSampreshanmulak Hindi _cRamprakash |
||
| 260 |
_aNew Delhi _bRadhakrishna _c1992 |
||
| 300 | _a94p | ||
| 650 | _aHindi language | ||
| 700 | _aGupta,Dinesh | ||
| 850 | _aLCLIB | ||
| 942 | _cBK | ||
| 999 |
_c19781 _d70260 |
||